Statistics for U.S. State Flag Quiz

Click here to take the quiz!

General Stats

  • This quiz has been taken 4 times
  • The average score is 7 of 50

Answer Stats

Answer% Correct
Alaska
67%
California
67%
Florida
67%
New Mexico
67%
Oklahoma
67%
South Carolina
67%
South Dakota
67%
Texas
67%
Georgia
33%
Idaho
33%
Illinois
33%
Maryland
33%
Ohio
33%
Washington
33%
Alabama
0%
Arizona
0%
Arkansas
0%
Colorado
0%
Connecticut
0%
Delaware
0%
Hawaii
0%
Indiana
0%
Iowa
0%
Kansas
0%
Kentucky
0%
Louisiana
0%
Maine
0%
Massachusetts
0%
Michigan
0%
Minnesota
0%
Mississippi
0%
Missouri
0%
Montana
0%
Nebraska
0%
Nevada
0%
New Hampshire
0%
New Jersey
0%
New York
0%
North Carolina
0%
North Dakota
0%
Oregon
0%
Pennsylvania
0%
Rhode Island
0%
Tennessee
0%
Utah
0%
Vermont
0%
Virginia
0%
West VIrginia
0%
Wisconsin
0%
Wyoming
0%

Score Distribution

Percentile by Number Answered

Percent of People with Each Score

Your Score History

You have not taken this quiz